| 000 | 00497cam a2200181 i 4500 | ||
|---|---|---|---|
| 001 | 4154853 | ||
| 005 | 20250613113327.0 | ||
| 008 | 780901s1978 utu 001 0beng | ||
| 020 |
_a0877477205 : _c$4.95 |
||
| 050 | 0 | 0 |
_aBS580.J7 _bP47 |
| 082 | 0 | 0 | _a222/.2/0924 |
| 100 | 1 | _aPetersen, Mark E. | |
| 245 | 1 | 0 |
_aJoshua, man of faith / _cMark E. Petersen. |
| 260 |
_aSalt Lake City, Utah : _bDeseret Book Co., _c1978. |
||
| 300 |
_a95 p. ; _c24 cm. |
||
| 500 | _aIncludes index. | ||
| 942 |
_2lcc _cBK _n0 |
||
| 999 |
_c6448 _d6448 |
||